Archivmaterialien zu Helmut Bräuer, 1938-

Gespeichert in:  
Bibliographische Detailangaben
1. VerfasserIn: Bräuer, Helmut 1938- (Verfasst von)
Medienart: Elektronisch Archivmaterial
Sprache:Deutsch
In:Jahr: 2019
Online-Zugang: Archivdatenbank (Kalliope Verbundkatalog)
Verfügbarkeit prüfen: HBZ Gateway

MARC

LEADER 00000npc a22000002 4500
001 LR130840890
003 PipeLineGenerated
005 20260508112529.0
008 190606s2019 xx ||||| 00| ||ger c
100 |a Bräuer, Helmut  |0 (DE-588)130840890  |0 (DE-627)506358615  |d 1938- 
245 |a Archivmaterialien zu Helmut Bräuer, 1938- 
856 |u https://kalliope-verbund.info/gnd/130840890  |3 Archivdatenbank (Kalliope Verbundkatalog) 
ELC |a 1